Počítačová kriminalita

Predstavenie princípov legislatívnej prevencie počítačovej kriminality a princípy informačnej bezpečnosti.

Guardado en:
Detalles Bibliográficos
Autor principal: Dugas, Jaroslav, 1967-
Otros Autores: Ivaničková, Mariana, 1977-
Formato: Capítulo de libro
Lenguaje:eslovaco
Materias:
Etiquetas: Agregar Etiqueta
Sin Etiquetas, Sea el primero en etiquetar este registro!

MARC

LEADER 00000naa a2200000 4500
001 0277886
005 20240502074326.2
041 0 |a slo 
044 |a SK 
245 1 0 |a Počítačová kriminalita  |c Jaroslav Dugas, Mariana Ivaničková 
520 |a Predstavenie princípov legislatívnej prevencie počítačovej kriminality a princípy informačnej bezpečnosti. 
610 2 0 |a bezpečnosť 
610 2 0 |a kriminalita počítačová 
610 2 0 |a poriadok právny 
610 2 0 |a počítače 
100 1 |a Dugas, Jaroslav, 1967- 
700 1 |a Ivaničková, Mariana, 1977-